00696nam a22002057a 450000500170000001000150001702000250003203500140005703700130007108200080008410000220009224500510011426000440016527000440020930000290025350000490028294200220033199900190035395201180037220171012115808.0 aENG-120850 c65.00a9788182569201 aEN-104382 bDBAD/PUB a250 aUpadhyaya, K. N.  aBuddhism path to nirvana /cby K. N. Upadhyaya aPunjab bRadha Soami Satsang Beasc2010 aDera Baba Jaimal SinghbPunjab e143204 axviii,386p.c23 Cm.(pbk) aIncludes Bibliographical Reference and Index 2ddccENh250kUPA c146515d146515 001040718NFICaDBADbBNd2017-10-12eDBAD/PUBg65.00l0o250 UPApEN-104382r2017-10-12 00:00:00t1v65.00yEN